• 首页
  • 本馆介绍
  • 公告通知
  • 最新文献
  • 馆藏检索
  • 电子资源
  • 读者导购
  • 参考咨询
  • 我的图书馆
  • 登录
  • 详细信息显示
  • 放入我的书架
  • 预约/预借图书
  • 作者相关作品
  • 分类相关作品
  • 丛书相关作品
  • 出版社相关作品

书目信息

  • 表格格式
  • 工作单格式
  • 卡片格式
题名:
捷克斯洛伐克地理
    
 
作者: Demek , 斯特日达 , Strida , 德麦克 著 ;延边大学外语教研组 译
分册:  
出版信息: 长春   吉林人民出版社  1978
页数: 268页
开本: 26cm
丛书名:
单 册:
中图分类: K951.4 , K514.2
科图分类:
主题词: 地理--捷克斯洛伐克 , 东欧--历史 , 中欧--历史
电子资源:
ISBN:
000 01021nam0 2200337 45
001 0178002713
005 20060725163538.35
010    @dCNY1.65
091    @a12091.11
100    @a19950725d1978 em y0chiy0121 ea
101 1  @achi@ccze
102    @aCN@b220000
105    @ay z 000yy
200 10 @a捷克斯洛伐克地理@Ajie ke si luo fa ke di li@f(捷)德麦克(J.Demek),(捷)斯特日达(M.Strida)著@g延边大学外语教研组译
210    @a长春@c吉林人民出版社@d1978
215    @a268页@d26cm
300    @a内部读物
300    @a书名原文:Geography of czechoslovakia
510 1  @a:Geography of czechoslovakia@zcze
606    @a地理@y捷克斯洛伐克
606 0  @a东欧@x历史
606 0  @a中欧@x历史
690    @aK951.4@v3
690    @aK514.2
701 A1 @aDemek@bJ.@4著
701  1 @a斯特日达@Asi te ri da@bM.@4著
701 A1 @aStrida@bM.@4著
701  1 @a德麦克@Ade mai ke@bJ.@4著
712 02 @a延边大学外语教研组@Ayan bian da xue wai yu jiao yan zu@4译
801  0 @aCN@bNLC@c20060725
905    @f1@b5005@dK514.2@e1
    
    捷克斯洛伐克地理/(捷)德麦克(J.Demek),(捷)斯特日达(M.Strida)著/延边大学外语教研组译.-长春:吉林人民出版社,1978
    268页;26cm
    内部读物.-书名原文:Geography of czechoslovakia
    
    ISBN :CNY1.65
    
●
相关链接 在E读中查询图书 在五车中查询图书 在当当中查询图书 在豆瓣中查询图书


正题名:捷克斯洛伐克地理     索取号:K514.2/1         预约/预借

序号 登录号 条形码 馆藏地/架位号 状态 备注
1 0005004   202084573   第二样本阅览室/ [索取号:K514.2/1] 在馆    
2 0005005   001926376   密集书库/ [索取号:K514.2/1] 在馆    
3 0436225   204362251   密集书库/ [索取号:K514.2/1] 在馆    
4 0436226   204362260   密集书库/ [索取号:K514.2/1] 在馆    
唐山师范学院图书馆 欢迎您!
大连网信软件有限公司© 版权所有